Análisis de accidentalidad en el tramo de carretera Nandaime - Rivas Km 66 - Km 111 y posibles medidas de mitigación
Presenta el análisis de accidentalidad en el tramo de carretera Nandaime - Rivas Km 66 - Km 111 y posibles medidas de mitigación en el cual se elaboró la determinación de los puntos críticos de accidentalidad, así como un estudio de las condiciones de tránsito y un inventario vial para identi...
| Main Authors: | , |
|---|---|
| Other Authors: | |
| Format: | Tesis Section = Libro |
| Language: | Undetermined Spanish |
| Published: |
Managua
UNI
2011
|
| Subjects: |
| LEADER | 01298nam a2200289Ia 4500 | ||
|---|---|---|---|
| 008 | 240830s9999 xx 000 0 und d | ||
| 040 | |a BIBLIOTECA-RUPAP T.Mon 363.1251 A465 | ||
| 041 | |a spa | ||
| 082 | |a T.Mon 363.1251 A465 | ||
| 100 | 1 | |a Altamirano Marenco, Francisco Javier | |
| 100 | 1 | |b Serrano Galeano, Daysi Yamileth | |
| 245 | 1 | 0 | |a Análisis de accidentalidad en el tramo de carretera Nandaime - Rivas Km 66 - Km 111 y posibles medidas de mitigación |
| 260 | |a Managua |b UNI |c 2011 | ||
| 300 | |a 119 p. :il. | ||
| 500 | |a Contiene: anexos. | ||
| 502 | |a Tesis (Ingeniero Civil)- UNI, 2011. | ||
| 520 | 3 | |a Presenta el análisis de accidentalidad en el tramo de carretera Nandaime - Rivas Km 66 - Km 111 y posibles medidas de mitigación en el cual se elaboró la determinación de los puntos críticos de accidentalidad, así como un estudio de las condiciones de tránsito y un inventario vial para identificar el estado físico de la vía. | |
| 650 | 7 | |a ACCIDENTES DE TRANSITO | |
| 650 | 7 | |b SEGURIDAD VIAL | |
| 650 | 7 | |c DISEÑO GEOMETRICO | |
| 650 | 7 | |d SEÑALES DE TRANSITO | |
| 650 | 7 | |e RIESGO EN EL TRANSPORTE | |
| 650 | 7 | |f CARRETERAS – MANTENIMIENTO Y REPARACION | |
| 700 | 1 | |a Tutor: |b Calvo Rojas, Lucas Bernardo | |
| 942 | |c BK |2 ddc | ||
| 991 | |a TESIS | ||
| 999 | |c 18081 | ||